000 00475nam a2200169 a 4500
001 000036089
005 20200930074851.0
008 111207s1996 sp 000 0 spa d
020 _a8472451852
040 _aDO-SdBNP
_bspa
_cBNPHU
082 _axxxx
_bxxxx
100 1 _aShah, Idries
_961318
245 1 3 _aEl buscador de la verdad :
_bcuentos y enseƱanzas sufis /
_cIdries Shah.
250 _a2a ed.
260 _aBarcelona, :
_bKairos,
_c1996.
300 _a243 p. ;
_c20 cm.
999 _c35580
_d35580